[Event "Titled Tue 17th Jun Early"]
[Site "chess.com INT"]
[Date "2025.06.17"]
[Round "3"]
[White "Barseghyan, Armen Ar."]
[Black "Zhigalko, Sergei"]
[Result "0-1"]
[WhiteTitle "IM"]
[BlackTitle "GM"]
[WhiteElo "2348"]
[BlackElo "2572"]
[WhiteFideId "13306707"]
[BlackFideId "13502956"]
[EventDate "2025.06.17"]

1. d4 Nf6 2. Nf3 e6 3. g3 b5 4. Bg2 Bb7 5. O-O c5 6. a4 b4 7. c4 cxd4 8. Qxd4
Na6 9. b3 Nc5 10. Nbd2 Be7 11. Bb2 O-O 12. Rfe1 d6 13. h3 a5 14. Rad1 h6 15. e4
e5 16. Qe3 Nfd7 17. Nh2 Re8 18. f4 exf4 19. gxf4 Bf6 20. e5 Bxg2 21. Kxg2 dxe5
22. Ne4 Nxe4 23. Qxe4 exf4 24. Bxf6 Qxf6 25. Qxe8+ Rxe8 26. Rxe8+ Kh7 27. Rxd7
Qc6+ 28. Rd5 Qxe8 29. Ng4 Qe4+ 30. Kh2 Qe2+ 31. Kg1 f3 0-1

[Event "Titled Tue 17th Jun Early"]
[Site "chess.com INT"]
[Date "2025.06.17"]
[Round "3"]
[White "Simonetto, Andrea"]
[Black "Gales, Randi-Ioan"]
[Result "0-1"]
[WhiteTitle "FM"]
[BlackTitle "CM"]
[WhiteElo "2285"]
[BlackElo "2243"]
[WhiteFideId "873314"]
[BlackFideId "1285360"]
[EventDate "2025.06.17"]

1. e4 c5 2. Nf3 Nc6 3. Bb5 g5 4. Nxg5 Nf6 5. O-O Nd4 6. Bc4 d5 7. exd5 Rg8 8.
Nf3 Bg4 9. Kh1 Bxf3 10. gxf3 b5 11. c3 bxc4 12. cxd4 Qxd5 13. dxc5 e6 14. Nc3
Qh5 15. d4 Rd8 16. Ne4 Nxe4 17. fxe4 Qh3 18. Rg1 Rxd4 19. Qe2 Rxg1+ 20. Kxg1
Bxc5 21. Be3 Rxe4 22. Qf1 Rg4+ 23. Kh1 Qf3+ 0-1

[Event "Titled Tue 17th Jun Early"]
[Site "chess.com INT"]
[Date "2025.06.17"]
[Round "3"]
[White "Da Matta, Eduardo Cesar"]
[Black "Barrientos, Ernesto"]
[Result "0-1"]
[BlackTitle "CM"]
[WhiteElo "2047"]
[BlackElo "2027"]
[WhiteFideId "2193108"]
[BlackFideId "3701247"]
[EventDate "2025.06.17"]

1. d4 Nf6 2. c4 c5 3. d5 b5 4. cxb5 a6 5. bxa6 Bxa6 6. Nc3 Qa5 7. Bd2 Qb6 8. Qc2
d6 9. e4 Bxf1 10. Kxf1 g6 11. g3 Bg7 12. Kg2 O-O 13. Nf3 Nbd7 14. a4 Rfb8 15.
Nb5 e6 16. dxe6 fxe6 17. Ng5 d5 18. exd5 exd5 19. Rhe1 Re8 20. Bf4 Nh5 21. Bd2
h6 22. Nf3 Ne5 23. Nh4 Kh7 24. f4 Nc4 25. Bc3 Ne3+ 26. Rxe3 Rxe3 27. Qd2 d4 28.
b3 Rae8 0-1

[Event "Titled Tue 17th Jun Early"]
[Site "chess.com INT"]
[Date "2025.06.17"]
[Round "3"]
[White "George, Kevin"]
[Black "Berikkyzy Alanna"]
[Result "1-0"]
[WhiteTitle "IM"]
[BlackTitle "WFM"]
[WhiteElo "2327"]
[BlackElo "2080"]
[WhiteFideId "10669515"]
[BlackFideId "13780719"]
[EventDate "2025.06.17"]

1. e4 c5 2. Nf3 Nc6 3. Nc3 d6 4. d4 cxd4 5. Nxd4 g6 6. Be2 Bg7 7. Nb3 Nf6 8. O-O
O-O 9. Be3 a6 10. a4 Be6 11. f4 Bxb3 12. cxb3 Rc8 13. Rc1 Qd7 14. Nd5 Nxd5 15.
exd5 Nb4 16. Qd2 a5 17. Bb6 Qf5 18. Bc4 Ra8 19. Rfe1 Bf6 20. h3 h5 21. Bxa5 Rxa5
22. Qxb4 Ra7 23. Qd2 Raa8 24. a5 g5 25. Rf1 gxf4 26. Rxf4 Qg5 27. Rcf1 Kh8 28.
Qe2 h4 29. Rf5 Qg6 30. R1f4 Bg7 31. Rh5+ Kg8 32. Rg4 Qb1+ 33. Kh2 1-0

[Event "Titled Tue 17th Jun Early"]
[Site "chess.com INT"]
[Date "2025.06.17"]
[Round "3"]
[White "Ai, Evan"]
[Black "Shahinyan, Vladimir"]
[Result "1-0"]
[BlackTitle "CM"]
[WhiteElo "2188"]
[BlackElo "2202"]
[WhiteFideId "2094770"]
[BlackFideId "13314599"]
[EventDate "2025.06.17"]

1. d4 d5 2. c4 e5 3. dxe5 Ne7 4. Nf3 Nbc6 5. g3 Be6 6. cxd5 Qxd5 7. Qxd5 Nxd5 8.
a3 O-O-O 9. Bg2 h6 10. O-O Nb6 11. Nc3 Nc4 12. h4 N4xe5 13. Bf4 Bd6 14. Nxe5
Nxe5 15. Ne4 Nc4 16. Nxd6+ Nxd6 17. Rac1 c6 18. Bxc6 bxc6 19. Rxc6+ Kb7 20. Rxd6
Rxd6 21. Bxd6 Rd8 22. Be5 f6 23. Bc3 Bc4 24. Re1 Re8 25. e4 Bb3 26. f4 Kc6 27.
Kf2 Kd7 28. e5 f5 29. Re3 Ke6 30. Rd3 Bd5 31. Rd4 Rc8 32. g4 g6 33. h5 fxg4 34.
hxg6 Rd8 35. g7 Rg8 36. f5+ Kxe5 37. f6 Be6 38. Rd8+ Kf5 39. Rf8 Kg6 40. Kg3 h5
41. Kh4 Bc4 42. b4 a6 43. a4 Bb3 44. b5 axb5 45. axb5 Bd5 46. b6 Kh7 47. f7 Rxg7
48. Bxg7 Kxg7 49. Rd8 Bc6 50. f8=Q+ 1-0

[Event "Titled Tue 17th Jun Early"]
[Site "chess.com INT"]
[Date "2025.06.17"]
[Round "3"]
[White "Aakash Sharadchandra, Dalvi"]
[Black "Lagarde, Maxime"]
[Result "1-0"]
[WhiteTitle "FM"]
[BlackTitle "GM"]
[WhiteElo "2396"]
[BlackElo "2621"]
[WhiteFideId "25033220"]
[BlackFideId "662399"]
[EventDate "2025.06.17"]

1. d4 d5 2. c4 c6 3. Nf3 Nf6 4. Nc3 dxc4 5. a4 Bf5 6. e3 e6 7. Bxc4 Bb4 8. O-O
O-O 9. Qe2 Bg6 10. Ne5 Nbd7 11. Nxg6 hxg6 12. Rd1 Rc8 13. e4 c5 14. d5 Bxc3 15.
bxc3 e5 16. a5 Ne8 17. Bd3 Nd6 18. c4 f5 19. f3 f4 20. Bd2 g5 21. h3 Nf6 22.
Rdb1 Rf7 23. Bc3 Qe8 24. Ra3 Nh5 25. Qb2 Rfc7 26. Bxe5 Nf7 27. Bxc7 Rxc7 28. Rb3
Ne5 29. Bf1 Ng3 30. Rxb7 Rxb7 31. Qxb7 Kh7 32. Qc7 Ng6 33. Rb7 Nh5 34. Qxc5 Qe5
35. Qxa7 Kh6 36. Qb6 Ng3 37. Qb2 g4 38. Qxe5 Nxe5 39. hxg4 Kg5 40. a6 Kh4 41. a7
Nh1 42. a8=Q Kg3 43. Qa1 Nxg4 44. fxg4 f3 45. gxf3 g5 46. Kxh1 Kf4 47. Kg2 Ke3
48. Rb3+ Kd2 49. Qc3+ Kd1 50. Rb1# 1-0

[Event "Titled Tue 17th Jun Early"]
[Site "chess.com INT"]
[Date "2025.06.17"]
[Round "3"]
[White "Khazan, Yevgeny"]
[Black "Klys, Kacper"]
[Result "0-1"]
[WhiteTitle "CM"]
[BlackTitle "CM"]
[WhiteElo "2135"]
[BlackElo "2218"]
[WhiteFideId "2806193"]
[BlackFideId "21005281"]
[EventDate "2025.06.17"]

1. d4 d6 2. e4 Nf6 3. Nc3 c6 4. Nf3 Bg4 5. Be2 e6 6. O-O Be7 7. e5 Nd5 8. exd6
Bxd6 9. Bg5 Qc7 10. h3 Bh5 11. Ne5 Bxe2 12. Qxe2 O-O 13. Bd2 Nd7 14. f4 N7f6 15.
Ne4 Nxe4 16. Qxe4 c5 17. Kh2 cxd4 18. Qxd4 Rac8 19. c4 Bc5 20. Qe4 Nf6 21. Qf3
Rfd8 22. Bc3 Bd4 23. Bxd4 Rxd4 24. b3 Nd7 25. Nxd7 Rxd7 26. Rad1 Rcd8 27. Kg1
Qb6+ 28. Kh2 Qc7 29. Kg1 Kf8 30. Kf2 Qc5+ 31. Ke2 Qa3 32. Rxd7 Rxd7 33. Kf2
Qxa2+ 34. Kg1 Qa5 35. Qe4 Qc5+ 36. Kh2 Kg8 37. f5 Qd6+ 38. Kh1 e5 39. f6 Qd3 40.
Qg4 Qxf1+ 41. Kh2 Qf4+ 42. Qxf4 exf4 0-1

[Event "Titled Tue 17th Jun Early"]
[Site "chess.com INT"]
[Date "2025.06.17"]
[Round "3"]
[White "Rosh, Jain"]
[Black "Shapiro, Daniel"]
[Result "1-0"]
[WhiteTitle "FM"]
[BlackTitle "FM"]
[WhiteElo "2299"]
[BlackElo "2284"]
[WhiteFideId "25789465"]
[BlackFideId "2001780"]
[EventDate "2025.06.17"]

1. e4 c5 2. Nf3 Nc6 3. Bb5 Nf6 4. Nc3 g6 5. e5 Ng4 6. Bxc6 dxc6 7. h3 Nh6 8. g4
Bg7 9. d3 O-O 10. Be3 f6 11. Qd2 Nf7 12. Bxc5 Nxe5 13. Nxe5 fxe5 14. O-O-O Be6
15. Ne4 b6 16. Ba3 c5 17. c4 Qd4 18. Qe2 Rac8 19. Kb1 a6 20. b3 Qd7 21. Bb2 Qc7
22. Ng5 Bf7 23. Rhe1 Rce8 24. Nf3 e4 25. Qxe4 Bxb2 26. Kxb2 Qd6 27. d4 Qf6 28.
g5 Qg7 29. Ne5 cxd4 30. Qxd4 Be6 31. Qxb6 Bxh3 32. Qd4 Rf5 33. Rd2 Rxg5 34. Nc6
Rf5 35. Qxg7+ Kxg7 36. Nxe7 Rff8 37. Rde2 Bg4 38. Nf5+ Rxf5 39. Rxe8 Rxf2+ 40.
Ka3 h5 41. c5 h4 42. c6 Rc2 43. R8e7+ Kh6 44. c7 h3 45. R7e4 Kh5 46. Rc4 Rxc4
47. bxc4 Kh4 48. Kb4 Kg3 49. Rg1+ Kf3 50. Rxg4 Kxg4 51. c8=Q+ Kg3 52. c5 h2 53.
Qh8 Kg2 54. c6 h1=Q 55. Qxh1+ Kxh1 56. c7 g5 57. c8=Q g4 58. Qxg4 Kh2 59. Ka5 1-0

[Event "Titled Tue 17th Jun Early"]
[Site "chess.com INT"]
[Date "2025.06.17"]
[Round "3"]
[White "Buscar, Michael"]
[Black "Srihari, L"]
[Result "0-1"]
[BlackTitle "IM"]
[WhiteElo "2016"]
[BlackElo "2353"]
[WhiteFideId "2603616"]
[BlackFideId "46642056"]
[EventDate "2025.06.17"]

1. d4 Nf6 2. c4 g6 3. Nc3 Bg7 4. e4 d6 5. Nf3 O-O 6. Be2 e5 7. Be3 exd4 8. Nxd4
Re8 9. f3 c6 10. Nc2 Na6 11. Qd2 Nc7 12. Rd1 d5 13. cxd5 cxd5 14. O-O Be6 15. e5
Nd7 16. Bg5 f6 17. exf6 Nxf6 18. Nd4 Bf7 19. Rfe1 a6 20. Bf1 Qd7 21. Bh4 b5 22.
a3 Rxe1 23. Bxe1 Nfe8 24. Bf2 Nd6 25. Nb3 Nc4 26. Qc2 Re8 27. a4 Ne3 28. Bxe3
Rxe3 29. axb5 axb5 30. Ne4 Qe7 31. Nec5 Re1 32. Rxe1 Qxe1 33. Qf2 Qxf2+ 34. Kxf2
Bxb2 35. Ke3 Kf8 36. Nd4 Bc1+ 37. Kd3 Ke7 38. Kc2 Be3 0-1

[Event "Titled Tue 17th Jun Early"]
[Site "chess.com INT"]
[Date "2025.06.17"]
[Round "3"]
[White "Fomevor, Cephas Clinton"]
[Black "Hury, Tymoteusz"]
[Result "1/2-1/2"]
[WhiteTitle "CM"]
[BlackTitle "CM"]
[WhiteElo "1883"]
[BlackElo "2115"]
[WhiteFideId "12601330"]
[BlackFideId "21839328"]
[EventDate "2025.06.17"]

1. d4 Nf6 2. c4 g6 3. Nc3 d6 4. Nf3 Bg7 5. Bg5 Nbd7 6. e3 h6 7. Bh4 g5 8. Bg3
Nh5 9. Qc2 Nxg3 10. hxg3 e5 11. dxe5 Nxe5 12. Be2 Nc6 13. a3 a5 14. Rd1 b6 15.
O-O O-O 16. Nd5 Be6 17. b3 Qd7 18. Nd4 Nxd4 19. exd4 Bxd5 20. cxd5 Rae8 21. a4
Re7 22. Bb5 Qg4 23. Qc3 f5 24. Qf3 Qxf3 25. gxf3 f4 26. g4 Rff7 27. Rd2 Bf6 28.
Rc1 Kg7 29. Kg2 Kg8 30. Ba6 Rf8 31. Bb5 Rff7 32. Ba6 Rf8 33. Bb5 Rff7 1/2-1/2

[Event "Titled Tue 17th Jun Early"]
[Site "chess.com INT"]
[Date "2025.06.17"]
[Round "3"]
[White "Shukhman, Anna"]
[Black "Shymanskyi, Oleksandr"]
[Result "0-1"]
[WhiteTitle "WGM"]
[BlackTitle "FM"]
[WhiteElo "2413"]
[BlackElo "2218"]
[WhiteFideId "54180058"]
[BlackFideId "14168880"]
[EventDate "2025.06.17"]

1. e4 c6 2. d4 d5 3. e5 Bf5 4. Nf3 e6 5. Be2 Ne7 6. c3 Ng6 7. O-O Be7 8. a4 O-O
9. a5 a6 10. b4 f6 11. Re1 fxe5 12. Nxe5 Nxe5 13. dxe5 Nd7 14. Bd3 c5 15. c4
Bxd3 16. Qxd3 cxb4 17. Bb2 Nc5 18. Qe2 dxc4 19. Qxc4 Qd3 20. Qxb4 Qc2 21. Qd2
Qf5 22. Nc3 Nb3 23. Qd7 Nxa1 24. f3 Nc2 25. Rc1 Bc5+ 26. Kh1 Be3 27. Rd1 Nd4 28.
Ne4 Nxf3 29. Nf6+ Kh8 30. Rf1 Nxe5 31. Rxf5 Nxd7 0-1

[Event "Titled Tue 17th Jun Early"]
[Site "chess.com INT"]
[Date "2025.06.17"]
[Round "3"]
[White "Demchenko, Svitlana"]
[Black "Akkara, Omer"]
[Result "0-1"]
[WhiteTitle "WIM"]
[BlackTitle "CM"]
[WhiteElo "2135"]
[BlackElo "2036"]
[WhiteFideId "14149893"]
[BlackFideId "26319802"]
[EventDate "2025.06.17"]

1. Nf3 Nf6 2. g3 b5 3. Bg2 Bb7 4. O-O e6 5. d3 Be7 6. e4 O-O 7. Nbd2 d5 8. e5
Nfd7 9. d4 c5 10. c3 Nc6 11. Re1 Re8 12. Nf1 Nf8 13. h4 a5 14. h5 h6 15. N1h2 b4
16. Ng4 Nh7 17. Bf4 c4 18. Qd2 a4 19. Nfh2 a3 20. Rab1 axb2 21. Rxb2 bxc3 22.
Qxc3 Ra3 23. Qc1 Ba6 24. Re3 Qa5 25. Nf1 Nxd4 26. Bxh6 gxh6 27. Nxh6+ Kg7 28.
Rxa3 Bxa3 29. Qf4 Nf5 30. Nxf5+ exf5 31. Rd2 Bc1 32. Rxd5 Qxd5 33. Qxf5 Qxe5 34.
Qg4+ Qg5 35. Qd4+ Nf6 36. Nh2 Re1+ 37. Bf1 c3 38. Nf3 Rxf1+ 0-1

[Event "Titled Tue 17th Jun Early"]
[Site "chess.com INT"]
[Date "2025.06.17"]
[Round "3"]
[White "Estrada Nieto, Julian"]
[Black "Iniyan, Pa"]
[Result "0-1"]
[WhiteTitle "IM"]
[BlackTitle "GM"]
[WhiteElo "2181"]
[BlackElo "2573"]
[WhiteFideId "5101018"]
[BlackFideId "25002767"]
[EventDate "2025.06.17"]

1. e4 c5 2. Nf3 b6 3. c3 Bb7 4. Bd3 Nf6 5. Qe2 g5 6. e5 Nd5 7. Bc4 Nf4 8. Nxg5
e6 9. Qg4 Nxg2+ 10. Kf1 Rg8 11. d4 h6 12. f3 cxd4 13. Kxg2 Qc7 14. Bd3 Qxe5 15.
cxd4 Qg7 16. Nc3 hxg5 17. Be3 f5 18. Qh5+ Kd8 19. Kf2 Be7 20. Qh3 f4 21. Bd2
Qxd4+ 22. Ke2 g4 23. fxg4 f3+ 24. Kd1 Qxd3 25. Qh5 f2 0-1

[Event "Titled Tue 17th Jun Early"]
[Site "chess.com INT"]
[Date "2025.06.17"]
[Round "3"]
[White "Nayem, Haque"]
[Black "Hernandez Jimenez, Alexander Andres"]
[Result "1-0"]
[WhiteTitle "FM"]
[BlackTitle "FM"]
[WhiteElo "2180"]
[BlackElo "2069"]
[WhiteFideId "10217754"]
[BlackFideId "3900452"]
[EventDate "2025.06.17"]

1. e4 c5 2. Nf3 d6 3. Bb5+ Bd7 4. Bxd7+ Qxd7 5. O-O Nc6 6. Re1 Nf6 7. c3 g6 8.
d4 cxd4 9. cxd4 d5 10. e5 Ne4 11. Nc3 Nxc3 12. bxc3 Bg7 13. h4 h5 14. e6 fxe6
15. Qd3 O-O-O 16. Qxg6 Bf6 17. Qf7 Na5 18. Qxe6 Qxe6 19. Rxe6 Kd7 20. Re2 Rc8
21. Bd2 Nc4 22. Rc1 Rc6 23. Bg5 Ra6 24. Rce1 Rh7 25. Rb1 b6 26. Rb5 Kc6 27. Rb1
Kd7 28. g3 Ra3 29. Rb3 Ra4 30. Kg2 Na5 31. Rb5 Kc6 32. Rb1 Kd7 33. Ne5+ Bxe5 34.
dxe5 e6 35. f4 Rf7 36. Rf1 Rf5 37. g4 hxg4 38. h5 Nc4 39. h6 Rf7 40. f5 Rh7 41.
fxe6+ Kxe6 42. Rf6+ Kd7 43. e6+ Ke8 44. Rg6 1-0

[Event "Titled Tue 17th Jun Early"]
[Site "chess.com INT"]
[Date "2025.06.17"]
[Round "3"]
[White "Alikulov, Elbek"]
[Black "Lopez Del Alamo, Antonio"]
[Result "1/2-1/2"]
[WhiteTitle "IM"]
[BlackTitle "FM"]
[WhiteElo "2305"]
[BlackElo "2166"]
[WhiteFideId "14203308"]
[BlackFideId "2227339"]
[EventDate "2025.06.17"]

1. e4 c5 2. Nf3 e6 3. d4 cxd4 4. Nxd4 Nf6 5. Nc3 Nc6 6. Ndb5 d6 7. Bg5 e5 8. Nd5
Be7 9. Nxe7 Qxe7 10. Nxd6+ Kf8 11. Bc4 Be6 12. Bxe6 fxe6 13. Bxf6 gxf6 14. Qd2
Rd8 15. O-O-O Kg8 16. g4 Nd4 17. c3 Rxd6 18. cxd4 Rxd4 19. Qe3 Kg7 20. g5 Rhd8
21. gxf6+ Qxf6 22. Rhg1+ Kh8 23. Rxd4 exd4 24. Qg3 d3 25. e5 d2+ 26. Kd1 Qf7 27.
f4 Qh5+ 28. Qg4 Qf7 29. Qg5 Rc8 30. Kxd2 Qd7+ 31. Ke3 Rf8 32. h4 Qc7 33. Kf3
Qc6+ 34. Ke3 Qc5+ 35. Kf3 Qd5+ 36. Ke3 Qc5+ 37. Kf3 Qc6+ 38. Ke2 Qc2+ 39. Ke3
Qc5+ 1/2-1/2

[Event "Titled Tue 17th Jun Early"]
[Site "chess.com INT"]
[Date "2025.06.17"]
[Round "3"]
[White "Thomforde-Toates, Noah"]
[Black "Sutormin, Danila"]
[Result "1-0"]
[BlackTitle "FM"]
[WhiteElo "2128"]
[BlackElo "2381"]
[WhiteFideId "30951992"]
[BlackFideId "24108669"]
[EventDate "2025.06.17"]

1. d4 Nf6 2. Nc3 d5 3. Bf4 g6 4. e3 Bg7 5. h4 O-O 6. h5 Nxh5 7. Rxh5 gxh5 8.
Qxh5 Nd7 9. Nxd5 c6 10. Bd3 f5 11. Nc3 Nf6 12. Qh2 Ng4 13. Qg3 Kh8 14. Nf3 e6
15. O-O-O Qe7 16. Rh1 Rd8 17. Bg5 Bf6 18. Qh4 Bxg5 19. Nxg5 Nxf2 20. Nf7+ Qxf7
21. Qxd8+ Qg8 22. Qf6+ Qg7 23. Qd8+ Qg8 24. Qxg8+ Kxg8 25. Rf1 Ng4 26. e4 Kg7
27. exf5 exf5 28. Re1 Kf7 29. Ne2 Bd7 30. Nf4 Re8 31. Rxe8 Bxe8 32. Bxf5 Nf6 33.
Kd2 Ke7 34. c4 b6 35. Ke3 Kd6 36. b4 Bf7 37. Bd3 b5 38. c5+ Ke7 39. a3 h6 40.
Be4 Kd7 41. Bf3 Bg6 42. Nxg6 1-0

[Event "Titled Tue 17th Jun Early"]
[Site "chess.com INT"]
[Date "2025.06.17"]
[Round "3"]
[White "Rustamov, Rustam"]
[Black "Panda, Sambit"]
[Result "1-0"]
[WhiteTitle "FM"]
[BlackTitle "IM"]
[WhiteElo "2334"]
[BlackElo "2379"]
[WhiteFideId "13440110"]
[BlackFideId "25091794"]
[EventDate "2025.06.17"]

1. e4 c6 2. Nf3 d5 3. Nc3 dxe4 4. Nxe4 Nf6 5. Qe2 Bg4 6. g3 e6 7. Bg2 Nbd7 8. h3
Bf5 9. d3 Be7 10. O-O O-O 11. Rd1 h6 12. b3 a5 13. a3 Qc7 14. Bb2 Bh7 15. c4
Nxe4 16. dxe4 Nc5 17. Be5 Qb6 18. Bd4 Qxb3 19. a4 Nxe4 20. Ne5 Nf6 21. Rd2 Ba3
22. Rda2 Bd6 23. Rb2 Bxe5 24. Rxb3 Bxd4 25. Rd1 Rad8 26. Rxb7 c5 27. Kh2 e5 28.
Rb5 Rfe8 29. Rxa5 e4 30. Ra7 e3 31. fxe3 Nh5 32. Qxh5 1-0

[Event "Titled Tue 17th Jun Early"]
[Site "chess.com INT"]
[Date "2025.06.17"]
[Round "3"]
[White "Shogdzhiev, Roman"]
[Black "Stojanovski, Sandi"]
[Result "1-0"]
[WhiteTitle "FM"]
[BlackTitle "FM"]
[WhiteElo "2402"]
[BlackElo "2169"]
[WhiteFideId "55653537"]
[BlackFideId "1403249"]
[EventDate "2025.06.17"]

1. c4 e6 2. Nc3 d5 3. d4 Nf6 4. cxd5 exd5 5. Bg5 Be7 6. e3 Nbd7 7. Bd3 O-O 8.
Nge2 c5 9. O-O b6 10. Nf4 h6 11. Bxf6 Nxf6 12. dxc5 Bxc5 13. Nfxd5 Nxd5 14. Nxd5
Be6 15. Nf4 Qf6 16. Nxe6 Qxe6 17. Qe2 Rad8 18. Bc4 Qf6 19. Rad1 Rxd1 20. Rxd1
Rd8 21. Rxd8+ Qxd8 22. g3 Qf6 23. h4 g6 24. h5 g5 25. Qd3 Kg7 26. b3 a5 27. Qe4
Qd6 28. Kg2 Qf6 29. Qd5 Qe7 30. a4 Qf6 31. Qd7 Be7 32. e4 Qd6 33. Qf5 Qf6 34.
Qd5 Bc5 35. f3 Qb2+ 36. Kh3 Qf6 37. Kg4 Kf8 38. e5 Qe7 39. f4 gxf4 40. gxf4 Bf2
41. Kf5 Bc5 42. Qc6 Qe8 43. Qxh6+ Ke7 44. Qf6+ Kf8 45. Qh8+ Ke7 46. Qxe8+ Kxe8
47. Kf6 Be7+ 48. Kg7 f5 49. exf6 Bf8+ 50. Kg8 Bh6 51. f7+ Ke7 52. f5 Bf8 53. f6+ 1-0

[Event "Titled Tue 17th Jun Early"]
[Site "chess.com INT"]
[Date "2025.06.17"]
[Round "3"]
[White "Turcsanyi, Vince Gergo"]
[Black "Kshatriya, Nitin Vekhande"]
[Result "0-1"]
[WhiteTitle "FM"]
[BlackTitle "FM"]
[WhiteElo "2312"]
[BlackElo "2255"]
[WhiteFideId "791784"]
[BlackFideId "45075530"]
[EventDate "2025.06.17"]

1. e4 c5 2. Nf3 d6 3. d4 cxd4 4. Nxd4 Nf6 5. Nc3 g6 6. Be3 Bg7 7. f3 O-O 8. Bc4
Nc6 9. Bb3 Bd7 10. h4 Rc8 11. Nxc6 Rxc6 12. h5 Be6 13. hxg6 hxg6 14. Qd2 Re8 15.
Bh6 Bh8 16. Bxe6 fxe6 17. Ne2 Kf7 18. O-O-O Qb6 19. c3 Qa5 20. Kb1 Ra6 21. a3
Rb6 22. Ka2 Rc8 23. Nd4 Qa4 24. f4 Qc4+ 25. Ka1 Nxe4 26. Qe3 Nxc3 27. bxc3 Qxc3+
28. Qxc3 Rxc3 29. Rh3 Rc4 30. Rhd3 e5 31. fxe5 dxe5 32. Rf3+ Kg8 33. Rdf1 Bf6 0-1

[Event "Titled Tue 17th Jun Early"]
[Site "chess.com INT"]
[Date "2025.06.17"]
[Round "3"]
[White "Ady, Jonathan J."]
[Black "Dighton, Simon"]
[Result "1-0"]
[WhiteTitle "FM"]
[BlackTitle "CM"]
[WhiteElo "2355"]
[BlackElo "2237"]
[WhiteFideId "6000240"]
[BlackFideId "408603"]
[EventDate "2025.06.17"]

1. e4 c5 2. Nf3 d6 3. c3 Nf6 4. Be2 Nc6 5. d4 cxd4 6. cxd4 Bg4 7. Nc3 g6 8. d5
Bxf3 9. gxf3 Ne5 10. Qb3 Bg7 11. Qxb7 O-O 12. O-O Rb8 13. Qxa7 Qc8 14. Kg2 Rb7
15. Qe3 Nc4 16. Bxc4 Qxc4 17. a4 Nh5 18. a5 Be5 19. Re1 Nf4+ 20. Kh1 Nd3 21. a6
Rbb8 22. a7 Ra8 23. Ra4 Qxa4 24. Nxa4 Nxe1 25. Qxe1 Rxa7 26. Nc3 Rb7 27. f4 Bg7
28. e5 Rfb8 29. Kg2 Rb3 30. Qe2 h5 31. Ne4 dxe5 32. fxe5 Bxe5 33. Nc5 Bg7 34.
Nxb3 Rxb3 35. Qxe7 Rb4 36. d6 Rg4+ 37. Kf3 Bd4 38. d7 1-0

[Event "Titled Tue 17th Jun Early"]
[Site "chess.com INT"]
[Date "2025.06.17"]
[Round "3"]
[White "Martinez Alcantara, Jose Eduardo"]
[Black "Shuvalov, Evgenij"]
[Result "1-0"]
[WhiteTitle "GM"]
[WhiteElo "2611"]
[BlackElo "1986"]
[WhiteFideId "3805662"]
[BlackFideId "4187237"]
[EventDate "2025.06.17"]

1. c4 Nf6 2. g3 c6 3. Bg2 d5 4. Nf3 g6 5. O-O Bg7 6. b3 Ne4 7. d4 dxc4 8. bxc4
c5 9. Bb2 Nc6 10. e3 O-O 11. Nbd2 Nxd2 12. Qxd2 cxd4 13. exd4 Bg4 14. d5 Bxb2
15. Qxb2 Na5 16. Ne5 Bf5 17. Rfc1 Rc8 18. c5 f6 19. Nc4 Rxc5 20. Nxa5 Qxa5 21.
Qxb7 Qa3 22. Re1 Rf7 23. d6 exd6 24. Bd5 Rxd5 25. Qxd5 Kg7 26. Rad1 Bh3 27. Qb3
Qc5 28. Qd5 Qa3 29. Re3 Qa6 30. f3 Rb7 31. Qd2 Qb6 32. g4 Re7 33. Re1 f5 34. Qf2
Rf7 35. g5 f4 36. Re8 Rf5 37. R1e7+ Rf7 38. Qxb6 axb6 39. Rxf7+ Kxf7 40. Ra8 Be6
41. a3 Bc4 42. Ra7+ Ke6 43. Rxh7 Kf5 44. h4 b5 45. Kf2 d5 46. Rf7+ Ke5 47. h5
gxh5 48. g6 d4 49. Rf8 d3 50. g7 d2 51. Rd8 Bd5 52. Rxd5+ Kxd5 53. g8=Q+ Kd4 54.
Ke2 h4 55. Qh8+ Kc4 56. Kxd2 Kb3 57. Qc3+ Ka2 58. Kc2 h3 59. Qb2# 1-0

[Event "Titled Tue 17th Jun Early"]
[Site "chess.com INT"]
[Date "2025.06.17"]
[Round "3"]
[White "Garcia, Jhoel"]
[Black "Kozak, Antoni"]
[Result "0-1"]
[WhiteTitle "IM"]
[WhiteElo "2293"]
[BlackElo "2426"]
[WhiteFideId "3801110"]
[BlackFideId "21832030"]
[EventDate "2025.06.17"]

1. e4 c5 2. Nf3 Nc6 3. c3 e6 4. d4 d5 5. e5 Bd7 6. Bd3 f6 7. O-O Qc7 8. Nbd2
fxe5 9. Nxe5 Nxe5 10. dxe5 O-O-O 11. Nf3 Ne7 12. Bg5 h6 13. Bh4 g5 14. Bg3 Bg7
15. Re1 Rdf8 16. c4 Bc6 17. cxd5 Bxd5 18. Be4 Rd8 19. Qc2 Kb8 20. Rac1 Bxe4 21.
Rxe4 Rd5 22. Rc4 Rhd8 23. h3 Nf5 24. Kh2 Bf8 25. a3 Be7 26. b4 h5 27. bxc5 h4
28. c6 b6 29. Ra4 hxg3+ 30. fxg3 g4 31. hxg4 Rh8+ 32. Kg1 Bc5+ 33. Qxc5 Rxc5 34.
Rxc5 bxc5 35. gxf5 Qxc6 36. Rf4 exf5 37. Rxf5 c4 38. Nd4 Qc5 39. Rf4 c3 40. Kf1
c2 0-1

[Event "Titled Tue 17th Jun Early"]
[Site "chess.com INT"]
[Date "2025.06.17"]
[Round "3"]
[White "Williams, Simon K"]
[Black "Stribuk, Artiom"]
[Result "0-1"]
[WhiteTitle "GM"]
[BlackTitle "IM"]
[WhiteElo "2444"]
[BlackElo "2460"]
[WhiteFideId "404454"]
[BlackFideId "13515659"]
[EventDate "2025.06.17"]

1. d4 Nf6 2. Bg5 g6 3. Bxf6 exf6 4. e3 d5 5. c4 dxc4 6. Bxc4 Bd6 7. Nc3 c6 8.
Nge2 Nd7 9. a4 O-O 10. O-O f5 11. a5 Nf6 12. f3 Bc7 13. b4 Qd6 14. g3 Qxb4 15.
Qd3 Rd8 16. e4 Qe7 17. Qc2 Be6 18. Bd3 Kg7 19. exf5 Bd5 20. Be4 Re8 21. a6 bxa6
22. Kg2 Nxe4 23. fxe4 Bxe4+ 24. Nxe4 Qxe4+ 25. Qxe4 Rxe4 26. f6+ Kh6 27. Rf2
Rae8 28. Ng1 Bb6 29. Rxa6 Bxd4 30. Rc2 Re1 31. Nh3 Bb6 32. Nf4 g5 33. Nd3 R1e2+
34. Rxe2 Rxe2+ 35. Kf3 Re3+ 0-1